000 00933nam a2200217 4500
005 20210823164147.0
008 210823s1987 pe |||fr|||| 001 0 spa d
040 _aCENDOC CAAAP
_bspa
_cCAAAP
041 _aspa
050 _aJC 571
_bA49
245 _aDerechos humanos en el Perú :
_bcierta pasividad frente a los abusos (Informe de AMericas Watch)
250 _a1ra ed.
260 _aLima:
_bComisión Andina de Juristas,
_c1987
300 _a102 p.
505 _aContiene : Antecedentes y resumen de nuestras constataciones -- Estrategia anti-subversiva -- Violaciones a las leyes de guerra -- Administración de justicia y debido proceso -- Libertad de expresión, tránsito y asociación -- Actualización de los casos importantes -- Conclusiones.
650 1 0 _925
_aViolencia Política
650 2 0 _9381
_aDerechos Humanos
650 2 0 _93834
_aLibertad de Expresión
651 0 _912
_aPerú
942 _2lcc
_b23 - 08 - 21
_cBK
999 _c2320
_d2320